Los intelectuales y la imagen de Estados Unidos en México, 1910-2010 / (Registro nro. 60029)
[ vista simple ]
| 000 -LEADER | |
|---|---|
| fixed length control field | 01180cam a2200313 i 4500 |
| 001 - CONTROL NUMBER | |
| control field | 60029 |
| 003 - CONTROL NUMBER IDENTIFIER | |
| control field | Mx-PuUPA |
| 005 - DATE AND TIME OF LATEST TRANSACTION | |
| control field | 20241029091349.0 |
| 008 - FIXED-LENGTH DATA ELEMENTS--GENERAL INFORMATION | |
| fixed length control field | 140415s2011 mx a r 000 0 spa d |
| 020 ## - INTERNATIONAL STANDARD BOOK NUMBER | |
| International Standard Book Number | 9786074873016 |
| 040 ## - CATALOGING SOURCE | |
| Original cataloging agency | MX-PuUPA |
| Language of cataloging | spa |
| Description conventions | rda |
| Transcribing agency | Mx-PuUPA |
| Modifying agency | Mx-PuUPA |
| 041 0# - LANGUAGE CODE | |
| Language code of text/sound track or separate title | spa |
| 100 1# - MAIN ENTRY--PERSONAL NAME | |
| Personal name | Ochoa Bilbao, Luis, |
| Relator term | autor |
| 9 (RLIN) | 6303 |
| 245 14 - TITLE STATEMENT | |
| Title | Los intelectuales y la imagen de Estados Unidos en México, 1910-2010 / |
| Statement of responsibility, etc. | Luis Ochoa Bilbao, Gabriela Aracely Gaspar Robles. |
| 250 ## - EDITION STATEMENT | |
| Edition statement | Primera edición |
| 264 #1 - PRODUCTION, PUBLICATION, DISTRIBUTION, MANUFACTURE, AND COPYRIGHT NOTICE | |
| Place of production, publication, distribution, manufacture | México : |
| Name of producer, publisher, distributor, manufacturer | Benemérita Universidad Autónoma de Puebla, |
| Date of production, publication, distribution, manufacture, or copyright notice | 2011 |
| 300 ## - PHYSICAL DESCRIPTION | |
| Extent | 120 páginas : |
| Other physical details | ilustraciones ; |
| Dimensions | 17 cm. |
| 336 ## - CONTENT TYPE | |
| Content type term | texto |
| Fuente | rdacontent |
| Content type code | txt |
| 337 ## - MEDIA TYPE | |
| Media type term | sin medio |
| Source | rdamedia |
| Media type code | n |
| 338 ## - CARRIER TYPE | |
| Carrier type term | volumen |
| Source | rdacarrier |
| Carrier type code | nc |
| 490 0# - SERIES STATEMENT | |
| Series statement | Colección Tierra Compartida |
| 650 #4 - SUBJECT ADDED ENTRY--TOPICAL TERM | |
| Topical term or geographic name entry element | Intelectuales |
| Geographic subdivision | México |
| 651 #4 - SUBJECT ADDED ENTRY--GEOGRAPHIC NAME | |
| Geographic name | Estdos Unidos |
| General subdivision | Relaciones exteriores |
| -- | Opinión pública |
| 651 #4 - SUBJECT ADDED ENTRY--GEOGRAPHIC NAME | |
| Geographic name | Estados Unidos |
| General subdivision | Relaciones |
| Geographic subdivision | México |
| 651 #4 - SUBJECT ADDED ENTRY--GEOGRAPHIC NAME | |
| Geographic name | México |
| General subdivision | Relaciones |
| -- | Historia |
| Geographic subdivision | Estados Unidos |
| 700 1# - ADDED ENTRY--PERSONAL NAME | |
| Personal name | Gaspar Robles, Gabriela Aracely, |
| Relator term | autor |
| 9 (RLIN) | 3753 |
| 942 ## - ADDED ENTRY ELEMENTS (KOHA) | |
| Classification part | 327.73 |
| Item part | O165 |
| Koha item type | Libro |
| Source of classification or shelving scheme | Dewey Decimal Classification |
| Withdrawn status | Lost status | Source of classification or shelving scheme | Damaged status | Not for loan | Collection code | Home library | Current library | Shelving location | Date acquired | Source of acquisition | Total Checkouts | Full call number | Barcode | Date last seen | Copy number | Price effective from | Koha item type |
|---|---|---|---|---|---|---|---|---|---|---|---|---|---|---|---|---|---|
| Dewey Decimal Classification | General | Biblioteca Karol Wojtyla | Biblioteca Karol Wojtyla | Sala general | 03/12/2013 | Compra | 327.73 O165 2011 | 90503 | 05/01/2026 | Ej.2 | 22/03/2017 | Libro | |||||
| Dewey Decimal Classification | General | Biblioteca Karol Wojtyla | Biblioteca Karol Wojtyla | Sala general | 04/12/2017 | Compra | 327.73 O165 2011 | 89279 | 05/01/2026 | 04/12/2017 | Libro |